Chronological Overview - EU Restrictive Measures in Response to the Crisis in Ukraine
Chronologický prehľad opatrení Európskej únie, ktoré prijala za cieľom riešenia krízy na Ukrajine (2014-2019).
Salvato in:
| Autore principale: | |
|---|---|
| Natura: | Capitolo di libro |
| Lingua: | russo |
| Soggetti: | |
| Tags: |
Nessun Tag, puoi essere il primo ad aggiungerne!!
|
MARC
| LEADER | 00000naa a2200000 4500 | ||
|---|---|---|---|
| 001 | 0264198 | ||
| 005 | 20240502083759.1 | ||
| 041 | 0 | |a rus | |
| 044 | |a MD | ||
| 245 | 1 | 0 | |a Chronological Overview - EU Restrictive Measures in Response to the Crisis in Ukraine |c Monika Kochajdová |
| 520 | |a Chronologický prehľad opatrení Európskej únie, ktoré prijala za cieľom riešenia krízy na Ukrajine (2014-2019). | ||
| 610 | 2 | 0 | |a Európska únia |
| 610 | 2 | 0 | |a Ukrajina |
| 610 | 2 | 0 | |a Rusko |
| 610 | 2 | 0 | |a politika medzinárodná |
| 610 | 2 | 0 | |a vzťahy medzinárodné |
| 610 | 2 | 0 | |a konflikty |
| 610 | 2 | 0 | |a sankcie |
| 100 | 1 | |a Kochajdová, Monika, 1993- | |